000 002870000a22000970004500
100 1 _aOjeda Fernández, Zulma
245 1 0 _aMinisterio nacional de enseñanza : Talleres 2005
300 _aVol.17, núm.17 (Junio, 2005), Páginas 20-21
773 0 _tLa Voz Luterana de Colombia
942 _cANA
999 _c60545
_d60545